LIBRARY & INFORMATION CENTRE, KCAET, TAVANUR

ONLINE PUBLIC ACCESS CATALOGUE (OPAC)

Rice Postproduction Manual / (Record no. 3170)

MARC details
000 -LEADER
fixed length control field 00295cam a2200121ua 4500
020 ## - INTERNATIONAL STANDARD BOOK NUMBER
ISBN 8122400078
082 ## - DEWEY DECIMAL CLASSIFICATION NUMBER
Classification number 633.186
Item number PIL/RI
100 ## - MAIN ENTRY--AUTHOR NAME
Personal name Pillaiyar, P .
245 ## - TITLE STATEMENT
Title Rice Postproduction Manual /
260 ## - PUBLICATION, DISTRIBUTION, ETC. (IMPRINT)
Place of publication New Delhi :
Name of publisher Wiley Eastern Ltd ,
Year of publication 1951.
300 ## - PHYSICAL DESCRIPTION
Number of Pages ; .
942 ## - ADDED ENTRY ELEMENTS (KOHA)
Koha item type Reference
Holdings
Withdrawn status Lost status Damaged status Home library Current library Date acquired Full call number Accession Number Koha item type Shelving location Collection code
      KAUAET KAUAET 07/04/2012 633.18 20196 Books    
      KAUAET KAUAET 07/04/2012 633.18 20003 Books General Stacks  
      KAUAET KAUAET 07/08/1989 633.18 16521 Reference    
      KAUAET KAUAET 07/08/1989 633.186.PIL/RI 16522 Reference Reference Reference
      KAUAET KAUAET 07/04/2012 633.18 20197 Book Bank scheme for SC students    
free website counter